Multiplikačný efekt kooperácie a rozvoj vybranej formy podnikania v Českej republike a na Slovensku

Postavenie družstiev a ich kooperácia v ČR a SR. Hlavné typy družstiev. Podiely spotrebných družstiev na trhu v ČR a SR. Prínos kooperácie. Praktický príklad koperácie spotrebných družstiev medzi SR, ČR a Maďarskom.

Salvato in:
Dettagli Bibliografici
Autore principale: Šúbertová, Elena
Altri autori: Pícha, Kamil
Natura: Capitolo di libro
Lingua:slovacco
Soggetti:
Tags: Aggiungi Tag
Nessun Tag, puoi essere il primo ad aggiungerne!!

MARC

LEADER 00000naa$a2200000$$$4500
001 0052281
005 20240502071616.1
041 0 |a slo 
044 |a SK 
245 1 0 |a Multiplikačný efekt kooperácie a rozvoj vybranej formy podnikania v Českej republike a na Slovensku  |c Elena Šúbertová, Kamil Pícha 
520 |a Postavenie družstiev a ich kooperácia v ČR a SR. Hlavné typy družstiev. Podiely spotrebných družstiev na trhu v ČR a SR. Prínos kooperácie. Praktický príklad koperácie spotrebných družstiev medzi SR, ČR a Maďarskom. 
610 2 0 |a kooperácia 
610 2 0 |a podnikanie 
610 2 0 |a družstvá 
610 2 0 |a družstvá spotrebné 
610 2 0 |a Česko 
610 2 0 |a Slovensko 
100 1 |a Šúbertová, Elena 
700 1 |a Pícha, Kamil